Introducción al álgebra : nociones de álgebra lineal /
Guardado en:
| Autor Principal: | |
|---|---|
| Formato: | Libro |
| Idioma: | Undetermined |
| Publicado: |
Buenos Aires :
Editorial universitaria de buenos aires,
1962.
|
| Materias: | |
| Etiquetas: |
Agregar Etiqueta
Sin Etiquetas, Sea el primero en etiquetar este registro!
|
| LEADER | 00546nam a22001455a 4500 | ||
|---|---|---|---|
| 001 | EHU.bham047151 | ||
| 005 | 20110613083501.0 | ||
| 008 | 110613s1962####ag############000#0#und#d | ||
| 100 | 1 | |a Cotlar, Mischa; Ratto de Sadosky, Cora. | |
| 245 | 1 | 0 | |a Introducción al álgebra : |b nociones de álgebra lineal / |c Mischa Cotlar; Cora Ratto de Sadosky. |
| 260 | |a Buenos Aires : |b Editorial universitaria de buenos aires, |c 1962. | ||
| 300 | |a 277 p. | ||
| 653 | |a Matemática | ||
| 653 | |a Álgebra | ||
| 859 | |a AR-BHAM |b BIB. HUMANIDADES - Donacion Lejarraga |h MFN001370 |p 001370.19 | ||
